<?xml version="1.0" encoding="UTF-8"?>
<record
    xmlns:xsi="http://www.w3.org/2001/XMLSchema-instance"
    xsi:schemaLocation="http://www.loc.gov/MARC21/slim http://www.loc.gov/standards/marcxml/schema/MARC21slim.xsd"
    xmlns="http://www.loc.gov/MARC21/slim">

  <leader>03014cam a2200265   4500500</leader>
  <controlfield tag="005">20250119030031.0</controlfield>
  <datafield tag="041" ind1=" " ind2=" ">
    <subfield code="a">fre</subfield>
  </datafield>
  <datafield tag="042" ind1=" " ind2=" ">
    <subfield code="a">dc</subfield>
  </datafield>
  <datafield tag="100" ind1="1" ind2="0">
    <subfield code="a">Breton, Herv&#xE9;</subfield>
    <subfield code="e">author</subfield>
  </datafield>
  <datafield tag="245" ind1="0" ind2="0">
    <subfield code="a">L&#x2019;accompagnement en formation d&#x2019;adultes&#xA0;: un paradigme</subfield>
  </datafield>
  <datafield tag="260" ind1=" " ind2=" ">
    <subfield code="c">2023.
							</subfield>
  </datafield>
  <datafield tag="500" ind1=" " ind2=" ">
    <subfield code="a">64</subfield>
  </datafield>
  <datafield tag="520" ind1=" " ind2=" ">
    <subfield code="a">L&#x2019;examen des conditions de l&#x2019;&#xE9;mergence du paradigme de l&#x2019;accompagnement en formation propos&#xE9;e dans cet article permet de mettre au jour la g&#xE9;ographie des controverses qui se sont constitu&#xE9;es au gr&#xE9; des diff&#xE9;rents moments qui en ponctuent le d&#xE9;ploiement, de caract&#xE9;riser les m&#xE9;tiers relevant des domaines professionnels qui l&#x2019;organisent, du r&#xE9;seau des concepts qui le structure. C&#x2019;est &#xE0; partir de cette mise en perspective que seront saisies les questions &#xE9;thiques et les dimensions sociopolitiques soulev&#xE9;es par ces m&#xE9;tiers, et dont les pratiques oscillent entre individualisation des parcours et accompagnement collectif. La note de synth&#xE8;se contenue dans ce dossier proposera l&#x2019;examen des &#xE9;l&#xE9;ments suivants, sur un plan aspectuel, puis int&#xE9;gr&#xE9;&#xA0;: temporalit&#xE9;s du cours de la vie adulte et pr&#xE9;carit&#xE9; des parcours professionnels, auto-orientation et formation tout au long de la vie, &#xE9;volution des cadres sociojuridiques du champ professionnel des m&#xE9;tiers de l&#x2019;accompagnement, identification des concepts associ&#xE9;s au paradigme de l&#x2019;accompagnement, mise au jour des questions sociopolitiques et &#xE9;thiques.</subfield>
  </datafield>
  <datafield tag="520" ind1=" " ind2=" ">
    <subfield code="a">The focus in this paper on the conditions enabling the emergence of a paradigm for career counselling during training leads to bringing to light the geography of the conflicts constituted during the different moments of its emergence, to describing the professions and professional areas that organise it, and the network of concepts that structure it. It is on the basis of this putting into perspective that this paper will concentrate on the ethical issues and socio-political dimensions of these professions, whose practice oscillates between personal career counselling and collective support. The synthetic memo accompanying the study is organised around the following elements&#xA0;: temporalities of adult life and precariousness of career paths, self-orientation and training all through one&#x2019;s life, evolution of the socio-judicial framework for counselling professions, identification if the concepts associated with the counselling paradigm, articulation of the socio-political and ethical issues.</subfield>
  </datafield>
  <datafield tag="690" ind1=" " ind2=" ">
    <subfield code="a">&#xE9;ducation et formation des adultes</subfield>
  </datafield>
  <datafield tag="690" ind1=" " ind2=" ">
    <subfield code="a">orientation professionnelle</subfield>
  </datafield>
  <datafield tag="690" ind1=" " ind2=" ">
    <subfield code="a">m&#xE9;tiers de l&#x2019;accompagnement</subfield>
  </datafield>
  <datafield tag="690" ind1=" " ind2=" ">
    <subfield code="a">&#xE9;thique professionnelle</subfield>
  </datafield>
  <datafield tag="690" ind1=" " ind2=" ">
    <subfield code="a">counselling professions</subfield>
  </datafield>
  <datafield tag="690" ind1=" " ind2=" ">
    <subfield code="a">career choices</subfield>
  </datafield>
  <datafield tag="690" ind1=" " ind2=" ">
    <subfield code="a">professional ethics</subfield>
  </datafield>
  <datafield tag="690" ind1=" " ind2=" ">
    <subfield code="a">adult education and training</subfield>
  </datafield>
  <datafield tag="786" ind1="0" ind2=" ">
    <subfield code="n">Carrefours de l'&#xE9;ducation | 56 | 2 | 2023-12-11 | p. 93-114 | 1262-3490</subfield>
  </datafield>
  <datafield tag="856" ind1="4" ind2="1">
    <subfield code="u">https://shs.cairn.info/revue-carrefours-de-l-education-2023-2-page-93?lang=fr&amp;redirect-ssocas=7080</subfield>
  </datafield>
  <datafield tag="999" ind1=" " ind2=" ">
    <subfield code="c">386786</subfield>
    <subfield code="d">386786</subfield>
  </datafield>
</record>
